<?xml version="1.0" encoding="UTF-8"?>
<record
    xmlns:xsi="http://www.w3.org/2001/XMLSchema-instance"
    xsi:schemaLocation="http://www.loc.gov/MARC21/slim http://www.loc.gov/standards/marcxml/schema/MARC21slim.xsd"
    xmlns="http://www.loc.gov/MARC21/slim">

  <leader>01321nam a2200253Ia 4500</leader>
  <datafield tag="999" ind1=" " ind2=" ">
    <subfield code="c">4889</subfield>
    <subfield code="d">4889</subfield>
  </datafield>
  <controlfield tag="003">OSt</controlfield>
  <controlfield tag="005">20200429124622.0</controlfield>
  <controlfield tag="008">191128s2008    cl ad  gr     000 0dspa d</controlfield>
  <datafield tag="020" ind1=" " ind2=" ">
    <subfield code="a">9789562890656</subfield>
  </datafield>
  <datafield tag="040" ind1=" " ind2=" ">
    <subfield code="a">CO-JMCR</subfield>
    <subfield code="c">CO-JMCR</subfield>
  </datafield>
  <datafield tag="041" ind1="0" ind2=" ">
    <subfield code="a">spa</subfield>
  </datafield>
  <datafield tag="082" ind1="0" ind2="4">
    <subfield code="a">304.82 / </subfield>
    <subfield code="b">M33</subfield>
  </datafield>
  <datafield tag="100" ind1="1" ind2=" ">
    <subfield code="a">Solimano, Andr&#xE9;s, </subfield>
    <subfield code="e">Coordiador</subfield>
    <subfield code="9">2947</subfield>
  </datafield>
  <datafield tag="245" ind1="1" ind2="0">
    <subfield code="a">Migraciones internacionales en am&#xE9;rica latina: Booms, crisis y desarrollo : </subfield>
    <subfield code="b">Booms, crisis y Desarrollo / </subfield>
    <subfield code="c">Andr&#xE9;s Solimano </subfield>
  </datafield>
  <datafield tag="260" ind1=" " ind2=" ">
    <subfield code="a">Santiago de Chile : </subfield>
    <subfield code="b">Fondo de Cultura Econ&#xF3;mica,</subfield>
    <subfield code="c">2008</subfield>
  </datafield>
  <datafield tag="300" ind1=" " ind2=" ">
    <subfield code="a">462 p&#xE1;ginas : </subfield>
    <subfield code="b">gr&#xE1;ficas en blanco y negro ; </subfield>
    <subfield code="c">23 cm.</subfield>
  </datafield>
  <datafield tag="490" ind1="0" ind2=" ">
    <subfield code="a">Secci&#xF3;n de Obras de Econom&#xED;a</subfield>
  </datafield>
  <datafield tag="504" ind1=" " ind2=" ">
    <subfield code="a">Bibliograf&#xED;a: p&#xE1;ginas 444-448. </subfield>
  </datafield>
  <datafield tag="505" ind1=" " ind2=" ">
    <subfield code="a">Migraciones internacionales, remesas y el desarrollo econ&#xF3;mico -- Migraci&#xF3;n y desarrollo: El caso de Argentina / Roxana Maurizio -- Migraciones internacionales en un contexto de crecimiento econ&#xF3;mico</subfield>
  </datafield>
  <datafield tag="520" ind1=" " ind2=" ">
    <subfield code="a">Migraciones Internacionales en Am&#xE9;rica Latina. Booms, crisis y desarrollo es el resultado de un riguroso an&#xE1;lisis que logra colocar al trasluz uno de los fen&#xF3;menos m&#xE1;s complejos de las &#xFA;ltimas d&#xE9;cadas en el continente latinoamericano</subfield>
  </datafield>
  <datafield tag="650" ind1="1" ind2="4">
    <subfield code="a">Migraciones internacionales </subfield>
    <subfield code="9">3650</subfield>
  </datafield>
  <datafield tag="650" ind1="1" ind2="4">
    <subfield code="a">Crisis y desarrollo Migraci&#xF3;n y desarrollo</subfield>
    <subfield code="9">3651</subfield>
  </datafield>
  <datafield tag="942" ind1=" " ind2=" ">
    <subfield code="2">ddc</subfield>
    <subfield code="c">BK</subfield>
  </datafield>
  <datafield tag="952" ind1=" " ind2=" ">
    <subfield code="0">0</subfield>
    <subfield code="1">0</subfield>
    <subfield code="2">ddc</subfield>
    <subfield code="3">Donaci&#xF3;n--15/04/2018--</subfield>
    <subfield code="4">0</subfield>
    <subfield code="7">0</subfield>
    <subfield code="a">CPL</subfield>
    <subfield code="b">CPL</subfield>
    <subfield code="c">GEN</subfield>
    <subfield code="d">2019-11-28</subfield>
    <subfield code="e">Donaci&#xF3;n</subfield>
    <subfield code="g">0.00</subfield>
    <subfield code="l">0</subfield>
    <subfield code="o">304.82 / M33 </subfield>
    <subfield code="p">430001149</subfield>
    <subfield code="r">2024-05-16 00:00:00</subfield>
    <subfield code="t">Ej.2</subfield>
    <subfield code="w">2019-11-28</subfield>
    <subfield code="y">BK</subfield>
  </datafield>
</record>
